Clement of Alexandria
Αποθηκεύτηκε σε:
| Άλλοι συγγραφείς: | |
|---|---|
| Μορφή: | Βιβλίο |
| Γλώσσα: | English Ancient Greek |
| Δημοσίευση: |
Cambridge, Mass. : London :
Harvard University Press ; Heinemann,
1982.
|
| Σειρά: | Loeb classical library ;
92 |
| Θέματα: | |
| Ετικέτες: |
Προσθήκη ετικέτας
Δεν υπάρχουν, Καταχωρήστε ετικέτα πρώτοι!
|
MARC
| LEADER | 00000cam a2200000 i 4500 | ||
|---|---|---|---|
| 001 | 1/19174 | ||
| 008 | 960624s1982 mau| ||| |||| ||eng|| | ||
| 020 | |a 0674991036 | ||
| 035 | |l 10021178 | ||
| 040 | |a GR-MyUa |b gre |e AACR2 | ||
| 041 | 0 | |a eng |a grc | |
| 082 | 7 | |a 281.3 |2 (22) | |
| 245 | 0 | 0 | |a Clement of Alexandria / |c μετάφραση: G.W. Butterworth. |
| 260 | |a Cambridge, Mass. : |b Harvard University Press ; |a London : |b Heinemann, |c 1982. | ||
| 300 | |a 410 σ. ; |c 17 εκ. | ||
| 490 | 1 | |a (Loeb classical library ; |v 92) | |
| 500 | |a Περιλαμβάνει ευρετήριο. | ||
| 505 | 8 | |a The exhortation to the Greeks -- The rich man's salvation and the fragment of an address entitled to the newly baptized. | |
| 600 | 0 | 0 | |a Κλήμης ο Αλεξανδρεύς, |c π. 150-π. 200. |
| 650 | 0 | |a Fathers of the church. | |
| 650 | 0 | |a Christian literature, Early. | |
| 650 | 0 | |a Philosophy and religion. | |
| 700 | 1 | |a Butterworth, G. W. |q (George William), |d 1879-1963, |e trl | |
| 830 | 0 | |a Loeb classical library ; |v 92 | |
| 852 | |a INST |b CHIOS |e 19960624 |h 281.3 CLE |p 005200007540 |q 005200007540 |t BK |y 0 | ||
| 922 | |a 2ΕΛΗ |b 199311 |c ΦΡΑΓΚΟΜΙΧΑΛΟΣ |d LEADER BOOKS | ||